Представление документа в формате RUSMARC

ПолеНазваниеЗначение
  Тип записи a
  Библиографический уровень m
001 Контрольный номер RU/SLIB/B/208722859
005 Дата корректировки 20240426122953.5
010 Индекс ISBN __
a ISBN 985-456-297-2
d Цена 28-00
101 Язык документа 0_
a Язык текста rus
c Язык оригинала rus
200 Заглавие и сведения об ответственности 1_
a Заглавие Всемирная история
e Сведения, относящиеся к заглавию в 24 т.
f Первые сведения об ответственности А. Н. Бадак [и др.]
b Общее обозначение материала Текст
h Номер части Т. 1
i Наименование части Каменный век
210 Выходные данные 1_
a Место издания Минск
c Издательство Соврем. литератор
d Дата издания 1999
215 Физическое описание __
a Объем 528 с.
330 Аннотация __
a Аннотация Первый том посвящен становлению человеческого общества - каменному веку. Книга содержит огромный материал по последним археологическим открытиям.
606 Тематические рубрики __
a Основная рубрика Всемирная история
a Основная рубрика История
a Основная рубрика Первобытное общество
y Географическая подрубрика Египет; Азия; Восточная Европа; Древний Египет
610 Ключевые слова 0_
a Ключевые слова древний мир; религии; палеолит; ледниковый период; неандертальцы; каменный век; матриархат; первобытный человек; первобытнообщинный строй; первобытная религия; первобытная культура; мезолит; неолит; рабство; земледелие; храмы; пирамиды; шумеры; племена; охотники; верования; письменность; общественное устройство; мифология
686 Индексы других классификаций __
a Классификационный индекс 63.3(0)
686 Индексы других классификаций __
a Классификационный индекс 63.3(0)2 ; ст63.3(0) + ст63.3(0)2
702 Вторичная интеллектуальная ответственность _1
a Фамилия Бадак
b Имя А. Н.
4 Код отношения Автор
702 Вторичная интеллектуальная ответственность _1
a Фамилия Войнич
b Имя И. Е.
4 Код отношения Автор
702 Вторичная интеллектуальная ответственность _1
a Фамилия Волчек
b Имя Н. М.
4 Код отношения Автор
801 Источник записи _0
a Страна RU
b Организация Муниципальное бюджетное учреждение культуры "Централизованная библиотечная система" г. Сургут (Центральная городская библиотека им. А. С. Пушкина)
g Правила каталогизации КиК/Тесленко
801 Источник записи _1
a Страна RU
b Организация Муниципальное бюджетное учреждение культуры "Централизованная библиотечная система" г. Сургут (Центральная городская библиотека им. А. С. Пушкина)
g Правила каталогизации КиК/Тесленко
852 Данные о местонахождении __
j Шифр хранения 63.3(0)
c Каталожный индекс 63.3(0); 63.3(0)2
i Авторский знак В 84
901 Тип документа __
t Тип документа m
903 Характеристики (МАРС) __
a Дата передачи 20020110
990 Данные о заказе (DOS) __
j Количество экземпляров (DOS) 4
t N записи в КСУ для И/У (DOS) 200201